Geeth Sujan (Hindi) (Record no. 135656)

MARC details
000 -LEADER
fixed length control field 00507nam a22001817a 4500
003 - CONTROL NUMBER IDENTIFIER
control field OSt
005 - DATE AND TIME OF LATEST TRANSACTION
control field 20230331151627.0
008 - FIXED-LENGTH DATA ELEMENTS--GENERAL INFORMATION
fixed length control field 230331b |||||||| |||| 00| 0 eng d
020 ## - INTERNATIONAL STANDARD BOOK NUMBER
International Standard Book Number 978-81-939411-1-9
040 ## - CATALOGING SOURCE
Transcribing agency SBCL
082 ## - DEWEY DECIMAL CLASSIFICATION NUMBER
Classification number 891.431
Item number THI-G
100 ## - MAIN ENTRY--PERSONAL NAME
Personal name Thiwari, S T
245 ## - TITLE STATEMENT
Title Geeth Sujan (Hindi)
260 ## - PUBLICATION, DISTRIBUTION, ETC.
Place of publication, distribution, etc. Delhi
Name of publisher, distributor, etc. Juli Publications
Date of publication, distribution, etc. 2018
300 ## - PHYSICAL DESCRIPTION
Extent 111p.
650 ## - SUBJECT ADDED ENTRY--TOPICAL TERM
Topical term or geographic name entry element Literatures of other languages
942 ## - ADDED ENTRY ELEMENTS (KOHA)
Koha item type BOOK
650 ## - SUBJECT ADDED ENTRY--TOPICAL TERM
Source of heading or term Literature & rhetoric
Form subdivision East Indo-European & Celtic literatures
Holdings
Withdrawn status Lost status Source of classification or shelving scheme Damaged status Not for loan Home library Current library Date acquired Cost, normal purchase price Total Checkouts Full call number Barcode Shelving location Date last seen Price effective from Koha item type
    Dewey Decimal Classification     SB LIBRARY SB LIBRARY 31/03/2023 350.00   891.431 THI-G HC104 GENERAL STACK 31/03/2023 31/03/2023 BOOK

Powered by Koha